000 01246nam0a22003131 4500
001 v19\rc\1335712
005 20250618121126.0
035 _a(NLR Aleph) 004561184
090 _a2275587
_c2275587
100 _a20060512e18541854|||y0rusy50 ca
101 1 _arus
_cspa
102 _aRU
105 _ay z |||a|
200 1 _aПричудница
_eКомедия в 3 д.
_fСоч. Лопе де Веги
_gПер. с исп. Пятницкий
210 _a[Санкт-Петербург
_d1854]
215 _d23
311 _aОтт. из журн. "Отеч. записки". 1854 г. Т. 95. С. 185-256
488 0 _12001#$aОтечественные записки$v1854, т. 95
_1215##$aС. 185-256
_tОтечественные записки
700 1 _9z01790
_aВега Карпьо
_bЛ.Ф. де
_f1562-1635
_gЛопе Феликс де
702 1 _aПятницкий
_bН.
_4730
790 1 _9z01700
_aЛопе де Вега
_bФ.
_f1562-1635
_gФеликс
790 1 _9z01700
_aКарпьо
_bЛ.Ф. де
_f1562-1635
_gЛопе Феликс де
801 0 _aRU
_bNLR
_gpsbo
801 0 _aRU
_bRuMoRGB
_2psbo
801 1 _aRU
_bProSoft-M
_2rusmarc
852 _aNLR
_jDesideratum
899 _aRuMoRGB
_jW 73/907
942 _cBOOK
980 _aNB